1224 1675 1144 1963 1321 1193 1104 1209 1112 1219 1883 1853 1190 1212 1671 1352 1414 1401 1647 1925 1312 1151 1157 1816 1855 1614 1688 1812 1495 1287 1224 1059 1667 1197 1824 1282 1240 1553 1794 1667 1403 1385 1749 1969 1221 1409 1895 1084 1929 1875 1403 1888 1591 1041 1809 1033 1991 1303 1615 1983 1527 1282 1860 1984 1648 1541 1015 1696 1870 1992 1446 1891 1443 1175 1465 1895 1549 1415 1544 1197 1256 1244 1167 1879 1678 1715 1895 1561 1799 1395 1894 1256 1467 1852 1069 1203 1788 1599 1387 BCNSPRNW ULIB Ver.6.0+V

เปลี่ยนเป็นภาษาไทย

Change to English
 แสดงรายละเอียดบรรณานุกรม
  กลับหน้าหลัก

Brief Record : Get Marc (ISO 2709) : E-mail record : QR code < ปิดหน้าต่าง
LEADER : 00000nam 2200000uu 4500
001    13399121496
003     ULIB
008    121121s2555||||th 000 0 tha d
099    วจ.WM172น111ร
100 0  นฤพร พงษ์คุณากร, วีระชัย เขื่อนแก้ว และวินัย รอบคอบ
245 00 ระดับความเครียด สาเหตุที่ทำให้เกิดความเครียดและการปรับตัวต่อความความเครียด ของนักศึกษาหลักสูตรพยาบาลศาสตร์บัณฑิต วิทยาลัยพยาบาลบรมราชชนนี นครลำปาง/นฤพร พงษ์คุณากร, วีระชัย เขื่อนแก้ว และวินัย รอบคอบ
260    ลำปาง:^bวิทยาลัยพยาบาลบรมราชชนนี นครลำปาง,^c2555
300    106 แผ่น
700 0  วีระชัย เขื่อนแก้ว
700 0  วินัย รอบคอบ
945    ^p0^l0^i033124
999    ^aใช้งานได้ทุกระบบ
รายการนี้ยังไม่มีแท็ก
คุณยังไม่ได้ล็อกอิน คุณสามารถมีกิจกรรมร่วมกับเว็บไซต์ได้ แต่ต้องล็อกอินก่อน ::
  ล็อกอิน

รายการสื่อสารสนเทศ

ลำดับที่ ประเภท เลขเรียก/บาร์โค้ด สถานที่ สถานะ
1. งานวิจัย
งานวิจัย
วจ.WM172น111ร  
  Barcode: 033124
ห้องสมุดวิทยาเขตสวรรค์ประชารักษ์
►วิจัย
บนชั้น

BibComment


ยังไม่เคยถูกคอมเมนท์

คอมเมนท์ทรัพยากรรายการนี้
  คอมเมนท์: ระดับความเครียด ส..


 Copyright 2026. Bcnsprnw @Library